Elia ile yolculuk / (Record no. 14898)

MARC details
000 -BAŞLIK
Sabit Uzunlukta Kontrol Alanı 00602nam a22002177a 4500
999 ## - SİSTEM KONTROL NUMARALARI (KOHA)
Koha Biblionumber 14898
Koha Biblioitemnumber 14898
003 - KONTROL NUMARASI IDENTIFIER
Denetim Alanı MIRAKIL
005 - SON İŞLEM TARİHİ VE ZAMANI
Denetim Alanı 20220427142849.0
008 - SABİT-BOY VERİ ELEMANLARI - GENEL BİLGİLER
Sabit Uzunlukta Kontrol Alanı 220427b tu ||||| |||| 00| 0 tur d
020 ## - ULUSLARARASI STANDART KİTAP NUMARASI
Uluslararası Standart Kitap Numarası 9786059670616
040 ## - KATALOGLAMA KAYNAK
Orijinal Kataloglama Ajansı TR-AnCHP
Metne Dönüştürmek Ajansı TR-AnCHP
041 ## - DİL KODU
Metin / Ses Parça Veya Ayrı Başlığın Dil Kodu tur
082 ## - DEWEY ONLU SINIFLANDIRMA NUMARASI
Sınıflandırma Numarası 813.42
Ürün Numarası L58e 2017
100 1# - ANA GİRİŞ - KİŞİSEL İSİM
Kişisel Ad Livaneli, Zülfü,
Bir Adıyla İlişkilendirilen Tarihler 1946-
245 10 - BAŞLIK TABLOSU
Başlık Elia ile yolculuk /
Sorumluluk Tablosu, Vb Zülfü Livaneli.
250 ## - EDITION TABLOSU
Baskı Beyanı 50. bs.
260 ## - YAYIN, DAĞITIM, VB
Yayın, Dağıtım, Vb Yeri İstanbul :
Yayıncı, Dağıtıcı, Vs Adı Karga Yayınları,
Yayın, Dağıtım, Vb Tarihi 2017.
300 ## - FİZİKSEL TANIM
Kapsam 114 s. ;
Diğer Fiziksel Ayrıntıları çiz.;
Boyutlar 20 cm.
490 ## - SERİSİ TABLOSU
Seri Beyanı Karga yayınları;
Hacim / Ardışık Tanımı 59.
650 #0 - KONU KATMA GİRİŞ - TOPİKAL DÖNEM
Topikal Süreli Veya Coğrafi Ad Giriş Elemanı Türk edebiyatı
9 (RLIN) 19
Genel Alt Bölümü Roman
942 ## - EKLENDİ GİRİŞ ELEMANLARI (KOHA)
Sınıflandırma Veya Raf Düzeni Kaynak Dewey Decimal Classification
Koha Öğesi Türü Books
Holdings
Kalıcı Konum Mevcut Konum Edinme Tarihi Toplam Check-Out'Lar Tam Çağrı Numarası Barkod Tarih Son Görülme Tarihi Geçen Teslim İtibaren Geçerli Fiyatlar Koha Öğesi Türü
CHP Kütüphanesi CHP Kütüphanesi 04/27/2022 1 813.42 L58e 2017 020416 09/20/2022 08/01/2022 04/27/2022 Books